000 00551nam a2200169 i 4500
001 116716
003 ES-MaACL
005 20230906190745.0
007 t|
008 061121s1913 po r ||||1| por d
100 1 _aPascoais, Teixeira de (
_d1877-1952)
_989331
245 1 2 _aO génio português na sua expressao filosófica, poética e religiosa /
_cTeixeira de Pascoais.
260 _aPorto :
_bRenascença Portuguesa,
_c1913.
300 _aV, 54 p., 4 h. ;
_c19 cm.
650 4 _aPortugueses-
_xPsicología.
_9163749
852 _aES-MaACL
_j1552-F-7
999 _c116716
_d116716